000 00640nam a22001931cc4500
001 ht005402773+ErsterBand
035 _aht005402773
008 170707s1890 gw |||| 000u ger d
245 0 4 _aEin Achtundvierziger
_nErster Band
264 _aBerlin :
_bPaul Hennig,
_c1890
338 _aOnline-Ressource
_bcr
_2rdacarrier
246 1 2 _aEin Achtundvierziger : Lothar Buchers Leben und Werke
_nErster Band
773 0 8 _wht005402773
_qErsterBand
856 4 _uhttp://nbn-resolving.de/urn:nbn:de:bvb:12-bsb00082971-9
942 _cMG
040 _cRU-10907106
003 RU-10907106
999 _c46080
_d46080
530 _aAuch als Online-Ressource frei zugänglich